<?xml version="1.0" encoding="UTF-8"?>
<collection xmlns="http://www.loc.gov/MARC21/slim">
 <record>
  <leader>02597nam a2200337 a 4500</leader>
  <controlfield tag="001">TVCDKTCT4503</controlfield>
  <controlfield tag="003">Thư viện trường Cao đẳng Kỹ thuật Cao Thắng</controlfield>
  <controlfield tag="005">20170530085523.2</controlfield>
  <controlfield tag="008">060215</controlfield>
  <datafield tag="980" ind1="\" ind2="\">
   <subfield code="a">Thư viện Trường CĐ Kỹ Thuật Cao Thắng</subfield>
  </datafield>
  <datafield tag="024" ind1=" " ind2=" ">
   <subfield code="a">RG_1 #1 eb0 i1 i5</subfield>
  </datafield>
  <datafield tag="041" ind1="0" ind2="#">
   <subfield code="a">vie</subfield>
  </datafield>
  <datafield tag="082" ind1="#" ind2="#">
   <subfield code="a">620.1 / </subfield>
   <subfield code="b">H100H-l</subfield>
  </datafield>
  <datafield tag="100" ind1="1" ind2="#">
   <subfield code="a">Hà Minh Hùng</subfield>
  </datafield>
  <datafield tag="245" ind1="0" ind2="0">
   <subfield code="a">Lý thuyết biến dạng dẻo / </subfield>
   <subfield code="c">Hà Minh Hùng, Đinh Bá Trụ</subfield>
  </datafield>
  <datafield tag="250" ind1="#" ind2="#">
   <subfield code="a">In lần thứ 1</subfield>
  </datafield>
  <datafield tag="260" ind1="#" ind2="#">
   <subfield code="a">H. : </subfield>
   <subfield code="b">Khoa học và Kỹ thuật , </subfield>
   <subfield code="c">2005</subfield>
  </datafield>
  <datafield tag="300" ind1="#" ind2="#">
   <subfield code="a">235tr. ; </subfield>
   <subfield code="c">24cm</subfield>
  </datafield>
  <datafield tag="520" ind1="#" ind2="#">
   <subfield code="a">Chương 1,2,3 giới thiệu lý thuyết biến dạng dẻo vật lý , nghiên cứu các qui luật biến dạng của vật liệu từ cấu trúc và bản chất vật liệu.</subfield>
  </datafield>
  <datafield tag="520" ind1="#" ind2="#">
   <subfield code="a">Chương 4, 5, 6 giới thiệu lý thuyết biến dạng, ứng suất, điều kiện dẻo.</subfield>
  </datafield>
  <datafield tag="520" ind1="#" ind2="#">
   <subfield code="a">Chương 7 giới thiệu tổng hợp thuộc tính dẻo và trở lực biến dạngcủa vật liệu, tạo điều kiện sử dụng tổng hợp tính năng biến dạng của vật liệu.</subfield>
  </datafield>
  <datafield tag="520" ind1="#" ind2="#">
   <subfield code="a">Chương 8 giới thiệu lý thuyết biến dạng dẻo vật liệu bột, xốp và một số qui luật cơ bản.</subfield>
  </datafield>
  <datafield tag="520" ind1="#" ind2="#">
   <subfield code="a">Gia công kim loại bằng áp lực là một ngành cơ bản trong sản xuất cơ khí. Công nghệ gia công kim lọai bằng áp lựccho phép tạo ra các sản phẩmcó hình dáng kích thước khác nhauvới chất lượng tổ chức kim loạitốt, năng suất cao. Công nghệ gia công kim loại bằng áp lực được xây dựng trên cơ sở lý thuyết biến dạng dẻo kim loại. Nhiệm vụ của nó là nghiên cứu các qui luật biến đổi hình dáng kích thướcvà tính chất của vật liệudưới tác dụng của ngoại lực, khai thác hết tiềm năng biến dạng của vật liệu , làm cơ sở tối ưu hóa công nghệ.</subfield>
  </datafield>
  <datafield tag="520" ind1="#" ind2="#">
   <subfield code="a">Sách gồm 8 chương.</subfield>
  </datafield>
  <datafield tag="650" ind1="#" ind2="4">
   <subfield code="a">Biến dạng-ứng suất-</subfield>
  </datafield>
  <datafield tag="650" ind1="#" ind2="4">
   <subfield code="a">Biến dẻo kim loại</subfield>
  </datafield>
  <datafield tag="650" ind1="#" ind2="4">
   <subfield code="a">Cơ khí</subfield>
  </datafield>
  <datafield tag="700" ind1="0" ind2="#">
   <subfield code="a">Đinh Bá Trụ</subfield>
  </datafield>
  <datafield tag="721" ind1="#" ind2="#">
   <subfield code="a">CNKT Cơ khí</subfield>
  </datafield>
  <datafield tag="841" ind1="#" ind2="#">
   <subfield code="b">Kho Sách </subfield>
   <subfield code="j">100013677, 100013678, 100013679</subfield>
  </datafield>
  <datafield tag="841" ind1="#" ind2="#">
   <subfield code="b">Kho Tra Cứu </subfield>
   <subfield code="j">500000176, 500000177</subfield>
  </datafield>
 </record>
</collection>
